000 00549cam a2200181 a 4500
020 _a0764107828
040 _cDLC
082 0 0 _a378 BAR 2000 A021 Or.
100 1 _aGreen, Sharon,
245 1 0 _aPass key to the GRE TEST, Graduate Record Examination /
246 3 _aBarron's pass key to the GRE, Graduate Record Examination
250 _a3rd ed.
260 _aHauppauge, NY :
_bBarron's Educational Series,
_cc2000.
300 _avii, 344 p. :
_bill. ;
_c22 cm.
650 0 _aGraduate Record Examination
700 1 _aWolf, Ira K.
942 _cEK
999 _c12741
_d12741